000 01059nam a2200277 i 4500
001 109045
003 ES-MaACL
005 20250825081724.0
007 t|
008 061121s1922 sp ac |||| |bspa d
040 _cES-MaACL
080 _a929 Moya, Miguel
245 0 0 _aDon Miguel Moya :
_brasgos biográficos
260 _aMadrid :
_bTip. de la "Revista de Archivos, Bibliotecas y Museos",
_c1922.
300 _a30 páginas :
_b1 retrato ;
_c22 cm.
500 _aPrecede al título: Asociación de la Prensa
530 _aDisponible en formato digital
600 1 4 _aMoya, Miguel,
_d1856-1920
_9158750
655 0 _aBiografías
_9176647
710 2 _eisb
_aAsociación de la Prensa de Madrid
_91608
852 _aES-MaACL
_cDEPOF
_j1633-F-3
_9113178
_zRevisado enlace: 02 de Abril 2025
856 4 _uhttps://bibliotecavirtualmadrid.comunidad.madrid/bvmadrid_publicacion/es/consulta/registro.do?id=4479
_yVersión en línea
_z(Biblioteca Digital de Madrid)
942 _cFOLLETOS
_n0
999 _c109045
_d109045